Statistics for Identifying Capitals on the Map: Oceania

Click here to take the quiz!

General Stats

  • This quiz has been taken 9 times
  • The average score is 12 of 14

Answers on the Map

Answers color-coded by a green-red scale on the quiz's map according to % correct below.
 

Answer Stats

Answer% Correct
Canberra
100%
Palikir
100%
Apia
86%
Funafuti
86%
Honiara
86%
Majuro
86%
Port Moresby
86%
Port Vila
86%
Suva
86%
Tarawa
86%
Wellington
86%
Ngerulmud
71%
Nuku'alofa
71%
Yaren (de facto)
71%

Score Distribution

Percentile by Number Answered

Percent of People with Each Score

Your Score History

You have not taken this quiz